Statistics for Generator Puzzle #48

Click here to take the quiz!

General Stats

  • This quiz has been taken 157 times
    (156 since last reset)
  • The average score is 13 of 21

Answer Stats

Clue Answer % Correct
Mum or DadParent
98%
Singer DollyParton
93%
Jack Sparrow, eg.Pirate
91%
Kitchen wearApron
88%
Lab dishPetri
87%
Monet or ManetPainter
83%
Post WWII AllianceNATO
74%
Canadian stateOntario
74%
Veranda, sundeckPatio
70%
2008 film, Gran ______Torino
69%
Meal servingPortion
67%
Sandwich cookieOreo
62%
Wine grapePinot
58%
Group of soldiersTroop
56%
Eye membraneRetina
49%
BuryInter
41%
9-Letter WordOPERATION
40%
Piglike animalTapir
39%
Become edibleRipen
37%
Country of the worldIran
32%
Crown of the headPate
29%

Score Distribution

Percentile by Number Answered

Percent of People with Each Score

Your Score History

You have not taken this quiz since the last reset